[Event "Catalunya-chT Gp1"]
[Site "Barcelona"]
[Date "2023.03.04"]
[Round "7.8"]
[White "Martinez Ramirez, Erik"]
[Black "Navarro Perez, Manuel"]
[Result "1-0"]
[WhiteElo "2186"]
[BlackElo "2005"]
[PlyCount "43"]
[EventDate "2023.01.21"]
[EventType "team-tourn"]
[EventRounds "7"]
[EventCountry "ESP"]
[SourceTitle "CBM 213 Extra"]
[Source "ChessBase"]
[SourceDate "2023.05.31"]
[SourceVersion "1"]
[SourceVersionDate "2023.05.31"]
[SourceQuality "1"]
[WhiteTeam "Barbera"]
[BlackTeam "Lira Vendrellenca"]
[WhiteTeamCountry "ESP"]
[BlackTeamCountry "ESP"]

1. e4 d6 2. d4 e5 3. Nf3 Nc6 4. dxe5 Nxe5 5. Nc3 Nf6 6. Nxe5 dxe5 7. Qxd8+ Kxd8 8. Bg5 Be7 9. Rd1+ Bd7 10. Bc4 Rf8 11. f4 h6 12. Bh4 exf4 13. e5 Re8 14. Bxf7 Ng4 15. Bxe7+ Kxe7 16. Bxe8 Rxe8 17. 0-0 g5 18. Rfe1 Bc6 19. Nd5+ Bxd5 20. Rxd5 Ke6 21. Rd2 Nxe5 22. Rxe5+ 1-0

[Event "Catalunya-chT Gp2 final"]
[Site "Barcelona"]
[Date "2016.04.02"]
[Round "2.4"]
[White "Masachs Vendrell, Francesco"]
[Black "Navarro Perez, Manuel"]
[Result "1/2-1/2"]
[WhiteElo "1973"]
[BlackElo "2050"]
[PlyCount "59"]
[EventDate "2016.03.12"]
[EventType "team-tourn"]
[EventRounds "4"]
[EventCountry "ESP"]
[SourceTitle "CBM 171 Extra"]
[Source "ChessBase"]
[SourceDate "2016.04.26"]
[SourceVersion "1"]
[SourceVersionDate "2016.04.26"]
[SourceQuality "1"]
[WhiteTeam "Catalunya"]
[BlackTeam "Sant Boi"]
[WhiteTeamCountry "ESP"]
[BlackTeamCountry "ESP"]

1. d4 Nf6 2. Nc3 g6 3. e4 d6 4. Bg5 Bg7 5. e5 Nfd7 6. f4 h6 7. Bh4 g5 8. Bg3 gxf4 9. Bxf4 dxe5 10. dxe5 Bxe5 11. Qf3 c6 12. Bc4 Qa5 13. Bxf7+ Kxf7 14. Bxe5+ Nf6 15. Bxf6 exf6 16. Nge2 Qf5 17. 0-0 Qxf3 18. Rxf3 Bg4 19. Rf2 Re8 20. Raf1 Nd7 21. Ng3 Kg6 22. Nce4 Rf8 23. Nd6 b6 24. Ngf5 Bxf5 25. Nxf5 Rae8 26. Rf3 h5 27. Rg3+ Kf7 28. Rg7+ Ke6 29. Nd4+ Kd6 30. Rd1 1/2-1/2

[Event "Catalunya-chT Gp2"]
[Site "Barcelona"]
[Date "2016.03.05"]
[Round "7.2"]
[White "Martinez Pla, Xavier"]
[Black "Navarro Perez, Manuel"]
[Result "1-0"]
[WhiteElo "2016"]
[BlackElo "2050"]
[PlyCount "37"]
[EventDate "2016.01.23"]
[EventType "team-tourn"]
[EventRounds "7"]
[EventCountry "ESP"]
[SourceTitle "EXT 2017"]
[Source "ChessBase"]
[SourceDate "2016.10.25"]
[SourceVersion "1"]
[SourceVersionDate "2016.10.25"]
[SourceQuality "1"]
[WhiteTeam "Tres Peons"]
[BlackTeam "Sant Boi"]
[WhiteTeamCountry "ESP"]
[BlackTeamCountry "ESP"]

1. e4 g6 2. d4 Bg7 3. Nc3 d6 4. Be3 Nf6 5. h3 Nc6 6. Nf3 e5 7. dxe5 dxe5 8. Bb5 Qxd1+ 9. Rxd1 Bd7 10. Bg5 a6 11. Bc4 h6 12. Bxf6 Bxf6 13. Bxf7+ Kxf7 14. Rxd7+ Ke6 15. Rxc7 Rab8 16. Nd5 Rhf8 17. Ke2 h5 18. Rd1 Rfd8 19. Rh7 1-0

[Event "Catalunya-chT Gp2"]
[Site "Barcelona"]
[Date "2016.02.13"]
[Round "4.2"]
[White "Lopez Forn, Marc"]
[Black "Navarro Perez, Manuel"]
[Result "1-0"]
[WhiteElo "2067"]
[BlackElo "2050"]
[PlyCount "49"]
[EventDate "2016.01.23"]
[EventType "team-tourn"]
[EventRounds "7"]
[EventCountry "ESP"]
[SourceTitle "EXT 2017"]
[Source "ChessBase"]
[SourceDate "2016.10.25"]
[SourceVersion "1"]
[SourceVersionDate "2016.10.25"]
[SourceQuality "1"]
[WhiteTeam "Peona I Peo"]
[BlackTeam "Sant Boi"]
[WhiteTeamCountry "ESP"]
[BlackTeamCountry "ESP"]

1. e4 g6 2. f4 d5 3. e5 c5 4. Nf3 Nc6 5. Be2 h5 6. 0-0 h4 7. c3 h3 8. g3 d4 9. Bc4 e6 10. d3 Nge7 11. Nbd2 Nd5 12. Ne4 Be7 13. Qe2 a6 14. a4 b6 15. Nfg5 Bb7 16. Qg4 b5 17. axb5 axb5 18. Rxa8 Qxa8 19. Bxb5 Nc7 20. Bc4 Nd8 21. Re1 Bxg5 22. fxg5 Ba6 23. Qf3 Bxc4 24. dxc4 Ke7 25. Qf6+ 1-0

[Event "Catalunya-chT Gp2"]
[Site "Barcelona"]
[Date "2016.02.06"]
[Round "3.4"]
[White "Navarro Perez, Manuel"]
[Black "Cortiella Valles, Roger"]
[Result "1-0"]
[WhiteElo "2050"]
[BlackElo "1341"]
[PlyCount "55"]
[EventDate "2016.01.23"]
[EventType "team-tourn"]
[EventRounds "7"]
[EventCountry "ESP"]
[SourceTitle "CBM 170 Extra"]
[Source "ChessBase"]
[SourceDate "2016.02.25"]
[SourceVersion "1"]
[SourceVersionDate "2016.02.25"]
[SourceQuality "1"]
[WhiteTeam "Sant Boi"]
[BlackTeam "Lleida"]
[WhiteTeamCountry "ESP"]
[BlackTeamCountry "ESP"]

1. e4 c5 2. Nc3 Nc6 3. f4 g6 4. Nf3 Bg7 5. Bc4 e6 6. 0-0 Nge7 7. e5 d6 8. exd6 Nf5 9. Bb5 Nxd6 10. Bxc6+ bxc6 11. d3 c4 12. Ne5 Qb6+ 13. Kh1 Ba6 14. dxc4 Rd8 15. Qf3 Bxc4 16. Be3 Qc7 17. Nxc6 Bxc3 18. Nxd8 Bd5 19. Qf2 Bxb2 20. Rab1 Bg7 21. Bxa7 Qxd8 22. Rb8 Nc8 23. Qc5 Kd7 24. Rd1 Qc7 25. Qb5+ Qc6 26. Rxd5+ exd5 27. Rb7+ Kd6 28. Bb8+ 1-0

[Event "Cornella de Llobregat Vallve Pinol 3rd"]
[Site "Cornella de Llobregat"]
[Date "2015.11.23"]
[Round "9.7"]
[White "Prats Rodriguez, Juan Bosco"]
[Black "Navarro Perez, Manuel"]
[Result "0-1"]
[WhiteElo "2251"]
[BlackElo "2136"]
[PlyCount "108"]
[EventDate "2015.09.21"]
[EventType "swiss"]
[EventRounds "9"]
[EventCountry "ESP"]
[SourceTitle "EXT 2024"]
[Source "ChessBase"]
[SourceDate "2023.10.10"]
[SourceVersion "1"]
[SourceVersionDate "2023.10.10"]
[SourceQuality "1"]

1. e4 d5 2. exd5 Qxd5 3. Nc3 Qa5 4. d4 Nf6 5. Nf3 Bf5 6. Bc4 Ne4 7. 0-0 Nxc3 8. Qd2 e6 9. bxc3 c6 10. Re1 Be7 11. Ne5 0-0 12. Bd3 Bxd3 13. Qxd3 Bd6 14. Nc4 Qc7 15. Nxd6 Qxd6 16. a4 Rd8 17. Bg5 Rd7 18. Re4 c5 19. Rh4 f5 20. Qh3 g6 21. Bf6 Nc6 22. Rh6 e5 23. Qh4 cxd4 24. f4 Rf8 25. fxe5 Nxe5 26. Bxe5 Qxe5 27. Re1 Qf6 28. cxd4 Qxh4 29. Rxh4 Rc8 30. d5 Rxc2 31. Rd4 Kf7 32. d6 b6 33. Kf1 Kf6 34. Re3 a6 35. h3 Rc5 36. Kf2 Rc6 37. Red3 Ke5 38. Rd5+ Ke6 39. R5d4 Rcxd6 40. Re3+ Kf6 41. Rc4 Re6 42. Rb3 Rb7 43. Kf3 b5 44. Rc8 b4 45. g4 fxg4+ 46. hxg4 a5 47. Rc5 Re5 48. Rc6+ Kg5 49. Kg3 Rbe7 50. Ra6 Re3+ 51. Rxe3 Rxe3+ 52. Kf2 Ra3 53. Rxa5+ Kxg4 54. Ra7 h5 0-1

[Event "Cornella de Llobregat Vallve Pinol 3rd"]
[Site "Cornella de Llobregat"]
[Date "2015.11.16"]
[Round "8.5"]
[White "Palacin Martin, Ricardo"]
[Black "Navarro Perez, Manuel"]
[Result "1-0"]
[WhiteElo "2246"]
[BlackElo "2136"]
[PlyCount "69"]
[EventDate "2015.09.21"]
[EventType "swiss"]
[EventRounds "9"]
[EventCountry "ESP"]
[SourceTitle "EXT 2024"]
[Source "ChessBase"]
[SourceDate "2023.10.10"]
[SourceVersion "1"]
[SourceVersionDate "2023.10.10"]
[SourceQuality "1"]

1. e4 d5 2. exd5 Qxd5 3. Nc3 Qa5 4. g3 Nf6 5. Bg2 c6 6. Nge2 e5 7. 0-0 Be7 8. d4 0-0 9. dxe5 Qxe5 10. Bf4 Qh5 11. Nd4 Bg4 12. Bf3 Bc5 13. Bxg4 Nxg4 14. Nf3 Na6 15. Kg2 Rad8 16. Qc1 Rfe8 17. h3 f5 18. hxg4 fxg4 19. Nh4 h6 20. Be3 g5 21. Bxc5 Nxc5 22. Nf5 Qh3+ 23. Kg1 Re5 24. Ne3 Ne6 25. Ne2 Nd4 26. Nxd4 Rxd4 27. Ng2 Rde4 28. Qd2 Re2 29. Qd3 h5 30. Rae1 Rxe1 31. Rxe1 Rxe1+ 32. Nxe1 h4 33. Qg6+ Kf8 34. Qxg5 hxg3 35. Qf4+ 1-0

[Event "Cornella de Llobregat Vallve Pinol 3rd"]
[Site "Cornella de Llobregat"]
[Date "2015.09.21"]
[Round "1.10"]
[White "Navarro Perez, Manuel"]
[Black "Alquezar Calpena, Marc"]
[Result "1-0"]
[WhiteElo "2136"]
[BlackElo "1899"]
[PlyCount "29"]
[EventDate "2015.09.21"]
[EventType "swiss"]
[EventRounds "9"]
[EventCountry "ESP"]
[SourceTitle "EXT 2024"]
[Source "ChessBase"]
[SourceDate "2023.10.10"]
[SourceVersion "1"]
[SourceVersionDate "2023.10.10"]
[SourceQuality "1"]

1. e4 c5 2. Nc3 e6 3. f4 Nc6 4. Nf3 d5 5. exd5 exd5 6. Bb5 Nge7 7. Qe2 Qd6 8. 0-0 Bd7 9. Ne5 Nd4 10. Bxd7+ Qxd7 11. Qh5 g6 12. Nxd7 gxh5 13. Nxc5 b6 14. Na6 Rc8 15. Nb4 1-0

[Event "Barcelona Sant Marti rapid op 6th"]
[Site "Barcelona"]
[Date "2015.09.19"]
[Round "4.3"]
[White "Navarro Perez, Manuel"]
[Black "Martorell Aguado, Joan"]
[Result "0-1"]
[WhiteElo "2136"]
[BlackElo "2311"]
[PlyCount "70"]
[EventDate "2015.09.19"]
[EventType "swiss (rapid)"]
[EventRounds "9"]
[EventCountry "ESP"]
[SourceTitle "EXT 2024"]
[Source "ChessBase"]
[SourceDate "2023.10.10"]
[SourceVersion "1"]
[SourceVersionDate "2023.10.10"]
[SourceQuality "1"]

1. e4 c5 2. Nc3 Nc6 3. f4 a6 4. a4 e6 5. Nf3 Nge7 6. e5 Nf5 7. Ne4 Be7 8. Bc4 d5 9. exd6 Nxd6 10. Nxd6+ Bxd6 11. g3 0-0 12. 0-0 Rb8 13. Re1 b5 14. axb5 axb5 15. Bf1 Bb7 16. Bg2 Ra8 17. Rxa8 Qxa8 18. Qe2 Nd4 19. Nxd4 cxd4 20. Bxb7 Qxb7 21. Qe4 Qc7 22. c3 Rd8 23. Kg2 Bc5 24. b4 Bb6 25. f5 Re8 26. cxd4 Qd6 27. d5 e5 28. Bb2 f6 29. Rc1 Rd8 30. Rc6 Qb8 31. d4 Bxd4 32. Bxd4 exd4 33. Qxd4 Qa8 34. Qd2 Qxc6 35. Qd4 Qa8 0-1

[Event "Barcelona Sant Marti op-A 4th"]
[Site "Barcelona"]
[Date "2015.02.05"]
[Round "4"]
[White "Anguera Maestro, Jaime"]
[Black "Navarro Perez, Manuel"]
[Result "1/2-1/2"]
[WhiteElo "2090"]
[BlackElo "2097"]
[PlyCount "73"]
[EventDate "2015.01.15"]
[EventType "swiss"]
[EventRounds "9"]
[EventCountry "ESP"]
[SourceTitle "EXT 2016"]
[Source "ChessBase"]
[SourceDate "2015.10.08"]
[SourceVersion "1"]
[SourceVersionDate "2015.10.08"]
[SourceQuality "1"]

1. d4 Nf6 2. Nf3 g6 3. c4 c5 4. e3 Bg7 5. Nc3 0-0 6. Bd3 cxd4 7. exd4 d5 8. c5 Nc6 9. Be3 Ng4 10. 0-0 e5 11. dxe5 Nxe3 12. fxe3 Nxe5 13. Be2 Nxf3+ 14. Bxf3 d4 15. Nb5 dxe3 16. Qxd8 Rxd8 17. Rad1 Bd7 18. Nd6 Bc6 19. Rfe1 Bh6 20. b4 Bxf3 21. gxf3 Rd7 22. Nf5 Rxd1 23. Nxh6+ Kg7 24. Rxd1 Kxh6 25. Rd7 f5 26. Kf1 b5 27. c6 Rc8 28. c7 g5 29. Ke2 f4 30. Rd6+ Kg7 31. Rc6 Kf7 32. Rh6 Kg7 33. Rc6 Kf7 34. Rh6 Ke7 35. Rxh7+ Kd6 36. h4 gxh4 37. Rxh4 1/2-1/2

[Event "Barcelona Sant Marti op-A 4th"]
[Site "Barcelona"]
[Date "2015.01.15"]
[Round "1"]
[White "Navarro Perez, Manuel"]
[Black "Grifell Sola, Joan"]
[Result "1-0"]
[WhiteElo "2097"]
[BlackElo "1856"]
[PlyCount "89"]
[EventDate "2015.01.15"]
[EventType "swiss"]
[EventRounds "9"]
[EventCountry "ESP"]
[SourceTitle "EXT 2016"]
[Source "ChessBase"]
[SourceDate "2015.10.08"]
[SourceVersion "1"]
[SourceVersionDate "2015.10.08"]
[SourceQuality "1"]

1. e4 e5 2. Nf3 f5 3. Nxe5 Nc6 4. Qh5+ g6 5. Nxg6 Nf6 6. Qh3 Rg8 7. Nxf8 Rxf8 8. exf5 d5 9. Bb5 Qd6 10. 0-0 Bd7 11. Bxc6 Qxc6 12. Re1+ Kf7 13. d4 Rae8 14. Be3 Qxc2 15. Nd2 Bxf5 16. Qf3 Bg4 17. Qf4 c6 18. Nf3 Bxf3 19. Qxf3 Kg7 20. Bh6+ Kxh6 21. Rxe8 Rxe8 22. Qxf6+ Qg6 23. Qxg6+ Kxg6 24. Kf1 Re4 25. Rd1 Kf5 26. f3 Re3 27. Kf2 Re6 28. Re1 Rxe1 29. Kxe1 a5 30. g3 b6 31. Kd2 c5 32. dxc5 bxc5 33. b3 Ke5 34. Kd3 Kf5 35. Ke3 Kg5 36. f4+ Kf5 37. Kf3 h5 38. h3 d4 39. g4+ hxg4+ 40. hxg4+ Kf6 41. Ke4 Kg6 42. a3 Kf6 43. b4 cxb4 44. axb4 a4 45. Kxd4 1-0

[Event "Gibraltar Challengers-B 8th"]
[Site "Caleta"]
[Date "2010.02.03"]
[Round "4"]
[White "Navarro Perez, Manuel"]
[Black "Tari, Aryan"]
[Result "0-1"]
[WhiteElo "2099"]
[BlackElo "1932"]
[PlyCount "94"]
[EventDate "2010.01.31"]
[EventType "swiss"]
[EventRounds "5"]
[EventCountry "GGB"]
[SourceTitle "EXT 2011"]
[Source "ChessBase"]
[SourceDate "2010.11.26"]
[SourceVersion "1"]
[SourceVersionDate "2010.11.26"]
[SourceQuality "1"]

1. e4 c5 2. Nc3 Nc6 3. f4 g6 4. Nf3 Bg7 5. Bc4 a6 6. a4 e6 7. f5 Nge7 8. fxe6 dxe6 9. 0-0 Nd4 10. d3 0-0 11. Bg5 h6 12. Be3 Nec6 13. Qd2 Kh7 14. Nd1 b6 15. Nxd4 cxd4 16. Bf4 e5 17. Bg3 f5 18. Bd5 Qd6 19. h3 Be6 20. c4 Bxd5 21. exd5 Na5 22. Qc2 Rac8 23. Be1 Qxd5 24. Bb4 Rfe8 25. Qd2 Qe6 26. Bxa5 bxa5 27. Qxa5 e4 28. b3 e3 29. Re1 Qd6 30. Re2 Qf4 31. Qd5 Be5 32. g3 Qxg3+ 33. Qg2 Qxg2+ 34. Kxg2 a5 35. Rb1 Bd6 36. Kf3 g5 37. Nb2 h5 38. c5 g4+ 39. Kg2 Bc7 40. Nc4 f4 41. hxg4 hxg4 42. Kg1 f3 43. Reb2 e2 44. Nd6 Bxd6 45. cxd6 e1Q+ 46. Rxe1 Rxe1+ 47. Kf2 Re2+ 0-1

[Event "Gibraltar Challengers-B 8th"]
[Site "Caleta"]
[Date "2010.01.31"]
[Round "1"]
[White "Vea, Odin Blikra"]
[Black "Navarro Perez, Manuel"]
[Result "0-1"]
[WhiteElo "2189"]
[BlackElo "2099"]
[PlyCount "100"]
[EventDate "2010.01.31"]
[EventType "swiss"]
[EventRounds "5"]
[EventCountry "GGB"]
[SourceTitle "EXT 2011"]
[Source "ChessBase"]
[SourceDate "2010.11.26"]
[SourceVersion "1"]
[SourceVersionDate "2010.11.26"]
[SourceQuality "1"]

1. e4 g6 2. d4 Bg7 3. Nc3 d6 4. Be3 Nf6 5. Be2 0-0 6. g4 e5 7. d5 c6 8. h4 cxd5 9. exd5 Qa5 10. f3 e4 11. Qd2 exf3 12. Bxf3 Nxg4 13. Bd4 Re8+ 14. Nge2 Bh6 15. Qd3 Bf5 16. Qb5 Qd8 17. h5 Be3 18. Bxg4 Bxg4 19. Bxe3 Rxe3 20. hxg6 fxg6 21. 0-0-0 Qe7 22. Rh2 Bxe2 23. Nxe2 a6 24. Qc4 Nd7 25. Rdh1 Nf6 26. b3 Re8 27. Nf4 Re4 28. Qf1 Qe5 29. Rf2 Nxd5 30. Nd3 Qa1+ 31. Kd2 Qc3+ 32. Kc1 Qa1+ 33. Kd2 Qxf1 34. Rhxf1 Ne3 35. Rg1 Ng4 36. Rfg2 h5 37. Nb2 Kg7 38. Nc4 b5 39. Nb2 Ne5 40. Rf1 Rf8 41. Rxf8 Kxf8 42. a4 g5 43. Kc3 b4+ 44. Kd2 h4 45. Nd3 Nf3+ 46. Kc1 g4 47. Nf2 Re2 48. Rxg4 Rxf2 49. Rxb4 h3 50. Rb7 Kg8 0-1

[Event "Gibraltar Challengers-A 8th"]
[Site "Caleta"]
[Date "2010.01.30"]
[Round "5"]
[White "Skage, Oystein Aagedal"]
[Black "Navarro Perez, Manuel"]
[Result "1/2-1/2"]
[WhiteElo "1935"]
[BlackElo "2099"]
[PlyCount "110"]
[EventDate "2010.01.26"]
[EventType "swiss"]
[EventRounds "5"]
[EventCountry "GGB"]
[SourceTitle "CBM 134 Extra"]
[Source "ChessBase"]
[SourceDate "2010.03.03"]
[SourceVersion "1"]
[SourceVersionDate "2010.03.03"]
[SourceQuality "1"]

1. e4 g6 2. d4 Bg7 3. f4 d6 4. Nf3 Nf6 5. Nc3 0-0 6. Bd3 c6 7. 0-0 Qb6 8. Na4 Qa5 9. c4 b5 10. cxb5 cxb5 11. Nc3 b4 12. Ne2 Bb7 13. Ng3 Qb6 14. h3 Nbd7 15. Be3 e5 16. Qd2 exf4 17. Bxf4 Rfe8 18. Rae1 Ne5 19. Bc2 Nfd7 20. Be3 Nc4 21. Qf2 Nxe3 22. Qxe3 h6 23. Bb3 Re7 24. Kh1 Rae8 25. Qf4 Nf6 26. e5 Bxf3 27. exf6 Rxe1 28. fxg7 Kxg7 29. Qxf7+ Kh8 30. Qf6+ Kh7 31. Qf7+ Kh8 32. Qf6+ Kh7 33. Qxf3 Qxd4 34. Bf7 Rxf1+ 35. Qxf1 Re5 36. Be8 Rg5 37. Qf7+ Qg7 38. Ne4 Rf5 39. Qxg7+ Kxg7 40. Nxd6 Rd5 41. Nc4 Rd4 42. b3 Rd1+ 43. Kh2 Ra1 44. Na5 Rxa2 45. Ba4 h5 46. Kg3 g5 47. Kf3 a6 48. g3 Ra1 49. h4 g4+ 50. Ke4 Kf6 51. Nc6 Re1+ 52. Kf4 Rf1+ 53. Ke4 Rf3 54. Nxb4 Rxg3 55. Nxa6 Rh3 1/2-1/2

[Event "Gibraltar Challengers"]
[Site "Gibraltar"]
[Date "2009.02.02"]
[Round "2"]
[White "Nisbet, Alex"]
[Black "Navarro Perez, Manuel"]
[Result "0-1"]
[WhiteElo "1922"]
[BlackElo "2097"]
[PlyCount "116"]
[EventDate "2009.02.01"]
[EventType "swiss"]
[EventRounds "5"]
[EventCountry "ENG"]
[SourceTitle "CBM 128 Extra"]
[Source "ChessBase"]
[SourceDate "2009.03.05"]
[SourceVersion "2"]
[SourceVersionDate "2009.03.25"]
[SourceQuality "1"]

1. d4 g6 2. Bf4 Bg7 3. e3 c5 4. c3 Qb6 5. Qc2 d5 6. Nf3 Nc6 7. Nbd2 Nf6 8. h3 cxd4 9. exd4 Bf5 10. Qb3 Nd7 11. Qxb6 Nxb6 12. Nh4 Bd7 13. Nhf3 Na4 14. 0-0-0 Rc8 15. Nb3 Nb4 16. Ne5 Bxe5 17. Bxe5 f6 18. Bf4 Nxa2+ 19. Kd2 Nxb2 20. Ra1 Nxc3 21. Nc5 Ne4+ 22. Nxe4 dxe4 23. Rb1 Nc4+ 24. Bxc4 Rxc4 25. Rxb7 Rxd4+ 26. Kc3 Rd3+ 27. Kb2 0-0 28. Ra1 a6 29. Bh6 Ra8 30. Rc1 Kf7 31. Rcc7 Ke6 32. Be3 Rc8 33. Bc5 Rxc7 34. Rxc7 Rd5 35. Bb4 a5 36. Bc5 a4 37. Kc3 Rd3+ 38. Kb2 Rb3+ 39. Kc2 Rd3 40. Kb2 Rd5 41. Kc2 h5 42. h4 g5 43. g3 Rf5 44. Be3 gxh4 45. gxh4 Ra5 46. Kb2 Kd6 47. Rc4 a3+ 48. Ka1 Bc6 49. Rd4+ Bd5 50. Rb4 a2 51. Rb8 Kd7 52. Rb4 Ra3 53. Rd4 Rd3 54. Kb2 Rxd4 55. Bxd4 e5 56. Bc3 Ke6 57. Kc2 Kf5 58. Kd2 Kg4 0-1

[Event "Gibraltar Challengers1"]
[Site "Gibraltar"]
[Date "2009.01.31"]
[Round "5"]
[White "Navarro Perez, Manuel"]
[Black "Pettersen, Joar Gullestad"]
[Result "0-1"]
[WhiteElo "2097"]
[BlackElo "2016"]
[PlyCount "64"]
[EventDate "2009.01.27"]
[EventType "tourn"]
[EventRounds "5"]
[EventCountry "ENG"]
[SourceTitle "EXT 2010"]
[Source "ChessBase"]
[SourceDate "2010.11.25"]
[SourceVersion "1"]
[SourceVersionDate "2010.11.25"]
[SourceQuality "1"]

1. e4 c5 2. Nc3 e6 3. f4 a6 4. a4 d5 5. Nf3 Nf6 6. e5 Ng8 7. g3 h5 8. Qe2 Nc6 9. Bg2 Nge7 10. Nd1 Nf5 11. c3 Bd7 12. Ne3 Nce7 13. d3 Nxe3 14. Bxe3 Nf5 15. Bf2 g6 16. 0-0 Be7 17. h3 Kf8 18. Kh2 Kg7 19. Rfd1 b5 20. axb5 axb5 21. c4 bxc4 22. dxc4 Rxa1 23. Rxa1 dxc4 24. Rd1 Qc7 25. Qxc4 Bc6 26. b4 Qb7 27. Ne1 Bxg2 28. Nxg2 cxb4 29. Rb1 Rd8 30. Rb2 Rd1 31. Bc5 h4 32. g4 Qf3 0-1

[Event "Gibraltar Challengers1"]
[Site "Gibraltar"]
[Date "2009.01.30"]
[Round "4"]
[White "Gravett, Alan David"]
[Black "Navarro Perez, Manuel"]
[Result "0-1"]
[WhiteElo "1934"]
[BlackElo "2097"]
[PlyCount "70"]
[EventDate "2009.01.27"]
[EventType "tourn"]
[EventRounds "5"]
[EventCountry "ENG"]
[SourceTitle "EXT 2010"]
[Source "ChessBase"]
[SourceDate "2010.11.25"]
[SourceVersion "1"]
[SourceVersionDate "2010.11.25"]
[SourceQuality "1"]

1. g3 g6 2. Bg2 Bg7 3. d4 c6 4. e4 d5 5. e5 Bf5 6. Ne2 h5 7. h4 Na6 8. c3 Bxb1 9. Rxb1 Nh6 10. Qb3 Qb6 11. Qxb6 axb6 12. a3 Nf5 13. Nf4 Nc7 14. Be3 e6 15. Nd3 c5 16. dxc5 Nxe3 17. fxe3 bxc5 18. Nxc5 Bxe5 19. Kf2 b6 20. Nd3 Bg7 21. c4 Ra5 22. Rhc1 0-0 23. c5 b5 24. Nb4 Kh7 25. Rc2 Rc8 26. Rd1 Ne8 27. Bf1 Nf6 28. c6 Bh6 29. Rd3 Ne4+ 30. Kf3 Bf8 31. Nxd5 exd5 32. Rxd5 Nd6 33. b4 Rxa3 34. Bxb5 Nf5 35. c7 Nxe3 0-1

[Event "Gibraltar Challengers1"]
[Site "Gibraltar"]
[Date "2009.01.29"]
[Round "3"]
[White "Navarro Perez, Manuel"]
[Black "Dasaolu, Adeoye"]
[Result "0-1"]
[WhiteElo "2097"]
[BlackElo "2024"]
[PlyCount "68"]
[EventDate "2009.01.27"]
[EventType "tourn"]
[EventRounds "5"]
[EventCountry "ENG"]
[SourceTitle "EXT 2010"]
[Source "ChessBase"]
[SourceDate "2010.11.25"]
[SourceVersion "1"]
[SourceVersionDate "2010.11.25"]
[SourceQuality "1"]

1. e4 c5 2. Nc3 Nc6 3. f4 g6 4. Nf3 Bg7 5. Bc4 e6 6. e5 d5 7. exd6 Qxd6 8. Ne4 Qxf4 9. d3 Qc7 10. 0-0 Nge7 11. Nfg5 0-0 12. Qe1 Nf5 13. g4 h6 14. gxf5 gxf5 15. Qh4 fxe4 16. Nxe4 f5 17. Bxh6 fxe4 18. Rxf8+ Kxf8 19. Rf1+ Kg8 20. Bxg7 Qxg7+ 21. Kh1 Ne5 22. Qd8+ Kh7 23. Rg1 Ng6 24. Rg3 Qe7 25. Qa5 b6 26. Qd2 e3 27. Qxe3 Bb7+ 28. Kg1 Rg8 29. Bxe6 Rf8 30. Rxg6 Kxg6 31. Bf5+ Kf6 32. Qf2 Ke5 33. Qe3+ Kd6 34. Qh6+ Rf6 0-1

[Event "Barcelona Ateneu Colon 3rd op"]
[Site "Barcelona"]
[Date "2008.05.06"]
[Round "5.6"]
[White "Guix Torres, David"]
[Black "Navarro Perez, Manuel"]
[Result "1-0"]
[WhiteElo "2016"]
[BlackElo "2154"]
[PlyCount "119"]
[EventDate "2008.04.08"]
[EventType "swiss"]
[EventRounds "9"]
[EventCountry "ESP"]
[SourceTitle "EXT 2024"]
[Source "ChessBase"]
[SourceDate "2023.10.10"]
[SourceVersion "1"]
[SourceVersionDate "2023.10.10"]
[SourceQuality "1"]

1. e4 c5 2. Nf3 Nc6 3. Bb5 a6 4. Bxc6 dxc6 5. d3 f6 6. e5 Bg4 7. h3 Bxf3 8. Qxf3 Qd4 9. e6 Qe5+ 10. Qe2 Qxe2+ 11. Kxe2 0-0-0 12. Re1 g6 13. Nc3 b6 14. Na4 Kb7 15. Kf1 Bh6 16. f4 f5 17. g3 Nf6 18. b3 Nh5 19. Kg2 Bg7 20. Bb2 Rd6 21. Re2 Rf8 22. Rae1 Bxb2 23. Nxb2 b5 24. a4 Rf6 25. Re5 Kb6 26. a5+ Kxa5 27. Rxc5 Rfxe6 28. Rce5 Ng7 29. Nc4+ Kb4 30. Nxd6 Rxd6 31. Rxe7 Nh5 32. R1e6 Rxe6 33. Rxe6 Kc5 34. c4 b4 35. d4+ Kxd4 36. Rxc6 a5 37. Ra6 Kc3 38. Rxa5 Kxb3 39. c5 Nf6 40. c6 Ne8 41. Ra8 Nc7 42. Ra7 Nb5 43. Rb7 Nd6 44. Rd7 Nc8 45. Rd8 Nb6 46. c7 Ka2 47. c8Q Nxc8 48. Rxc8 b3 49. Ra8+ Kb1 50. Kf3 b2 51. g4 Kc1 52. Rc8+ Kd2 53. Rb8 Kc2 54. gxf5 gxf5 55. Ke3 b1Q 56. Rxb1 Kxb1 57. Kd4 Kc2 58. Ke5 Kd3 59. Kxf5 Ke3 60. Ke5 1-0

[Event "Barcelona Ateneu Colon 3rd op"]
[Site "Barcelona"]
[Date "2008.04.22"]
[Round "3.1"]
[White "Munoz Pantoja, Miguel Angel"]
[Black "Navarro Perez, Manuel"]
[Result "1-0"]
[WhiteElo "2478"]
[BlackElo "2154"]
[PlyCount "53"]
[EventDate "2008.04.08"]
[EventType "swiss"]
[EventRounds "9"]
[EventCountry "ESP"]
[SourceTitle "EXT 2024"]
[Source "ChessBase"]
[SourceDate "2023.10.10"]
[SourceVersion "1"]
[SourceVersionDate "2023.10.10"]
[SourceQuality "1"]

1. e4 c5 2. Nf3 Nc6 3. d4 cxd4 4. Nxd4 e5 5. Nb5 d6 6. N1c3 a6 7. Na3 b5 8. Nd5 Nge7 9. c4 b4 10. Nc2 Rb8 11. Be3 a5 12. b3 Be6 13. Bd3 f5 14. exf5 Nxf5 15. Be4 Nxe3 16. Ncxe3 Nd4 17. Qd3 g6 18. h4 Bf7 19. h5 gxh5 20. Bxh7 Rb7 21. Be4 Ra7 22. a3 bxa3 23. Rxa3 Qb8 24. 0-0 Ne6 25. Bg6 Qb7 26. Qf5 Nd4 27. Bxf7+ 1-0

[Event "Catalunya-chT Primera Gp2"]
[Site "Catalunya"]
[Date "2008.02.17"]
[Round "4"]
[White "Ayza Leon, David"]
[Black "Navarro Perez, Manuel"]
[Result "1-0"]
[WhiteElo "2176"]
[BlackElo "2158"]
[PlyCount "53"]
[EventDate "2008.01.27"]
[EventType "team-tourn"]
[EventRounds "9"]
[EventCountry "ESP"]
[SourceTitle "EXT 2019"]
[Source "ChessBase"]
[SourceDate "2018.10.10"]
[SourceVersion "1"]
[SourceVersionDate "2018.10.10"]
[SourceQuality "1"]

1. e4 d6 2. d4 Nf6 3. Nc3 g6 4. f4 Bg7 5. Nf3 c5 6. dxc5 Qa5 7. Bb5+ Bd7 8. Bd3 Qxc5 9. Qe2 0-0 10. a3 Ng4 11. Bd2 Qc7 12. h3 Nf6 13. 0-0 Bc6 14. g4 a5 15. Rab1 a4 16. Be3 Na6 17. f5 Nc5 18. Bxc5 dxc5 19. e5 Bxf3 20. Rxf3 Nd7 21. e6 Bd4+ 22. Kg2 Bxc3 23. bxc3 Ne5 24. exf7+ Kg7 25. Rxb7 Qd6 26. Re3 Nc6 27. Re6 1-0